MDQL
is popping MORE tags! Check the
thread
!
Quizzes
Events
Quiz Creation
Community
Videos
Private Events
Remove Ads
Sign In
Join for FREE
Feedback
Dark Mode
Quiz Categories
Sports
Geography
Music
Movies
Television
Just For Fun
Miscellaneous
History
Literature
Language
Science
Gaming
Entertainment
Religion
Holiday
For Kids
Quiz Lab
Recent
Popular Today
Quiz Kudos Today
Editor Picks
Curator Picks
Quizzes by...
Day
Popularity
Type
Ratings
Length
Year
Community
Subscriptions
Recent Discussions
Orange Saloon
Badges
Playlists
Quests
Create
Leaderboards
Showdown
Live 5
Trivia Bingo
Activity
Puzzle Library
Sporcle Events
Private Events
Virtual Trivia
Globe League
Become a Host
Pub Owners
SporcleCon
Opinionation
Our Games
Videos
Blog
Mobile Apps
Partnerships
Remove Ads and Go Orange
Feedback
Television
TV Characters
TV Show
Sitcom
Network
Friends
Reality Shows
Cast
South Park
Star Trek
The Simpsons
Doctor Who
Television
TV Characters
TV Show
Sitcom
Network
Friends
Reality Shows
Cast
South Park
Star Trek
The Simpsons
Doctor Who
Random Quiz
Search Sporcle
×
Quiz Lab
Quiz Lab
Television
TV Show
Type in answers that appear in a list
Type in answers that appear in a list
Classic
Best Score? Go Orange.
Grey's Anatomy Ultimate Quiz Stats
Can you name the Grey's Anatomy Ultimate Quiz?
By
elizabethaxb
15m
35 Questions
3,622 Plays
3,622 Plays
3,622 Plays
Comments
Comments
Give Quiz Kudos
Give Quiz Kudos
-
- Ratings
hide this ad
Forced Order
Answers have to be entered in order
Answers have to be entered in order
Wrong Answers
Some wrong answers will appear in red
Some wrong answers will appear in red
Replay
Link that replays current quiz
Next Quiz
Link to next quiz in quiz playlist
You Got
0%
They Got
Avg Score
61%
Avg Friend Score
Upgrade to see
Score Distribution
Jump to the score distribution portion of the page
Score
0/35
Timer
15:00
0
Plays Today
Hint
Answer
% Correct
how many times has April Kepner been fired?
???
95.6%
How many people have lived in Derek's trailer?
???
92.4%
How many Children did mark sloan have?
???
89.1%
How many sisters does Derek have
???
89%
How many half-
sisters does meredith have?
???
88.8%
who is 'Evil Spawn'?
???
87.6%
What is the name of Meredith and Derek's daughter?
???
87.6%
how many hours is meredith's first shift?
???
87.4%
Who is 'Dr. Model'?
???
87.2%
what is the name of Meredith's dog in season two?
???
86.3%
which character gets Syphilis from a nurse?
???
85.7%
what is the name of Derek's youngest sister?
???
85.6%
What was the name of the scrub nurse that Derek dated?
???
79.6%
Which character failed their boards?
???
78.3%
what specialty is Owen Hunt?
???
78.3%
In what season did Richard start drinking again?
???
76%
What is the name of Dr. Bailey's first husband?
???
75.4%
what number was Lexie given by Cristina?
???
74.2%
Hint
Answer
% Correct
in season 5, who did derek and mark get into a fist fight over?
???
67.5%
what is Addison's specialty?
???
67.1%
where did Meredith go to school?
???
67%
where did Cristina Yang go to school?
???
61.8%
What is the name of the paramedic that April dated?
???
60.6%
What is Derek's middle name?
???
50%
Who does Owen fire in season 8?
???
46.1%
Who moves to seattle in season 11?
???
43.9%
Where in Africa did Arizona go?
???
32.1%
Who is 'Julio Plantain'?
???
31.6%
what is Lexie's full name?
???
25.8%
Where did Preston Burke go to school?
???
23%
Where did teddy leave Seattle grace to go?
???
18.4%
What is the name of Arizona's Brother
???
17.7%
What is Callie's middle name?
???
16.7%
What is the name of Cristina's stepfather?
???
13.1%
What is Jackson's religion?
???
4.6%
Quiz Playlist
Details
Report
Send in Message
Add To Playlist
Classic:
Type in answers that appear in a list
Forced Order:
Answers have to be entered in order
Wrong Answers:
Some wrong answers will appear in red
Last Updated: Oct 15, 2018
Quiz Scoreboard
CHALLENGE
Sign Up to Join the Scoreboard
Show All
Scores
Hide
Comments
May contain spoilers
Recently Published
1-10 Letter E Words III
by El_Dandy
Language
2m
Street Fighter Characters
by Artimus82
Gaming
60s
College Basketball Coaching Resumes
by pancakes188
Sports
9m
More to Explore
Quiz From the Vault
Featured Blog Post
Where Did the Easter Bunny Come From?
hide this ad
You Might Also Like...
Tags
TV Show Quiz
ABC
Grey's Anatomy
Today's Top Quizzes in Television
Browse Television
hide this ad
Today's Top Quizzes in TV Show
Browse TV Show
Top Contributed Quizzes in Television
1
Survivor Journey Challenge
2
Adjectives in 80s TV Shows
3
Adjectives in 00s TV Shows
4
5-to-1: The Simpsons Families
5
5-to-1: Television Doctors
6
Adjectives in 10s TV Shows
7
7-to-1: TV Show Settings
8
Adjectives in 70s TV Shows
9
5-to-1: Streaming Originals
10
Survivor Seasons
Explore More
Trending Topics
Harry Potter
Anime
Kpop
Marvel
Crossword
NBA
Disney
The Office
Song
Puzzle
WWE
Soccer
Pokémon
Country
NFL
hide this ad
More By:
elizabethaxb
Quiz
Plays
Rating
Category
Featured
Created
Grey's Anatomy Ultimate Quiz
3,622
3.67
Television
Apr 5, 2015
Go to Creator's Profile
Score Distribution
Quiz Creator Spotlight
elizabethaxb
Follow
Send a Message
Quizzes Created
-
Created Quiz Play Count
-
More By This Creator
Popular Quizzes Today
1
Find the US States - No Outlines Minefield
2
Find the Countries of Europe - No Outlines Minefield
3
The Countries of the World
4
Find the US States
5
Risky Map Clicking: Biggest States A-Z
6
US States
7
Popular People in 1961
8
Movies - When Are They Set?
More Television Quizzes
Acternative TV Characters
Editor's Pick
Trending Quizzes
Risky Map Clicking: Least Populous States A-Z
1-10 Letter G Words
1-10 Letter F Words
Countries of the World: 200 Million BC
Risky Map Clicking: Next State Alphabetically
Recently Updated
Beyoncé Albums
pecheneg
Leaping Animals
pecheneg
Reality TV Shows (A-Z)
bhenderson79
Rickey Henderson's Hall of Fame Teammates
pecheneg
Champions League XIs: Arsenal
pecheneg
Quick Pick: Celebrities in WWE's Hall of Fame
aduchscher
A-Z Keypad Blitz II
pecheneg
Multiple Oscar Actors
pecheneg
Mystery Phrase Blitz: Oscar 'Best Actors'
pecheneg
F. Scott Fitzgerald Novels
LTH
Trending Topics
Crossword
Marvel
NBA
Anime
Harry Potter
Kpop
Disney
Soccer
The Office
Puzzle
NFL
Song
Country
WWE
Pokémon
Your Account Isn't Verified!
In order to create a playlist on Sporcle, you need to verify the email address you used during registration. Go to your
Sporcle Settings
to finish the process.
Report this User
Report this user for behavior that violates our
Community Guidelines
.
Details:
Send Report
Go to the Sporcle.com Mobile Site →
Comments